000 00633nam a2200241Ia 4500
003 OSt
005 20220918193619.0
006 a|||||r|||| 00| 0
007 ta
008 220917b |||||||| |||| 00| 0 eng d
024 _a74,136
037 _cTextual
040 _aARTS
_cARTS
_beng
041 _2eng
_aeng
082 _aR635, M1
100 _aKrishnanda Swami
_982144
245 0 _aIntroduction to the philosophy of yoga
260 _aGarhwal
_bDivine Life Society
_c1981
300 _ax,222p.
_ccm.
650 _aYOGA
_92333
942 _hR635, M1
_cTEXL
_2CC
999 _c199722
_d199722